Statistics for Hack the Quiz #14

Click here to take the quiz!

General Stats

  • This quiz has been taken 109 times
  • The average score is 27 of 32

Answer Stats

CipherWord% Correct
38called
95%
30What
94%
34also
94%
20common
93%
17country
92%
25Peru?
92%
41is
92%
56country
92%
53the
91%
83commonly
91%
92is
91%
27What
89%
44is
89%
67Mahal?
89%
86language
89%
93In
89%
61which
88%
74Rick’s
88%
77most
87%
42in
86%
72Taj
86%
80What
86%
76features
85%
71Cafe?
84%
90WWII
84%
81movie
82%
India
82%
101942
81%
06Burma?
76%
Spanish
76%
Myanmar
60%
Casablanca
55%

Score Distribution

Percentile by Number Answered

Percent of People with Each Score

Your Score History

You have not taken this quiz